Fr. Conceicao Rodrigues College of Engineering

Let us C:Covers C under windows and Linux (Record no. 19498)

MARC details
000 -LEADER
fixed length control field 00346nam a2200157Ia 4500
082 ## - DEWEY DECIMAL CLASSIFICATION NUMBER
Classification number 005.133 C/YAS
Item number YAS
100 ## - MAIN ENTRY--PERSONAL NAME
Personal name Yashavant/Kanetkar
250 ## - EDITION STATEMENT
Edition statement 6
245 ## - TITLE STATEMENT
Title Let us C:Covers C under windows and Linux
260 ## - PUBLICATION, DISTRIBUTION, ETC.
Name of publisher, distributor, etc. BPB
Place of publication, distribution, etc. New Delhi
Date of publication, distribution, etc. 2005
300 ## - PHYSICAL DESCRIPTION
Extent 756
546 ## - LANGUAGE NOTE
Language note ENGLISH
650 ## - SUBJECT ADDED ENTRY--TOPICAL TERM
Topical term or geographic name entry element Computers
654 ## - SUBJECT ADDED ENTRY--FACETED TOPICAL TERMS
Focus term C
942 ## - ADDED ENTRY ELEMENTS (KOHA)
Koha item type BOOK
Holdings
Withdrawn status Lost status Damaged status Not for loan Collection Home library Current library Shelving location Date acquired Source of acquisition Total Checkouts Total Renewals Full call number Barcode Date last seen Date last checked out Price effective from Koha item type Date due
        CRC Fr. Agnel's C.Rodrigues College of Engineering Fr. Agnel's C.Rodrigues College of Engineering   17/03/2023 Donated by INFOSYS 10 4 005.133 C/YAS YAS 16280 06/01/2026 23/12/2025   BOOK  
        CRC Fr. Agnel's C.Rodrigues College of Engineering Fr. Agnel's C.Rodrigues College of Engineering   17/03/2023 Donated by INFOSYS 11 3 005.133 C/YAS YAS 16281 12/12/2024 12/12/2024   BOOK 22/12/2024
        CRC Fr. Agnel's C.Rodrigues College of Engineering Fr. Agnel's C.Rodrigues College of Engineering   17/03/2023 Donated by INFOSYS     005.133 C/YAS YAS 16282 17/03/2023     BOOK  
        CRC Fr. Agnel's C.Rodrigues College of Engineering Fr. Agnel's C.Rodrigues College of Engineering   17/03/2023 Donated by INFOSYS 1 1 005.133 C/YAS YAS 16283 03/01/2026 13/11/2025   BOOK